Worls polistics faces economic

Αποθηκεύτηκε σε:
Λεπτομέρειες βιβλιογραφικής εγγραφής
Κύριος συγγραφέας: Lasswell, Harold D.
Μορφή: Βιβλίο
Γλώσσα:Undetermined
Έκδοση: New York McGraw-Hill 1945
Θέματα:
Ετικέτες: Προσθήκη ετικέτας
Δεν υπάρχουν, Καταχωρήστε ετικέτα πρώτοι!
Thư viện lưu trữ: Trung tâm Học liệu Trường Đại học Cần Thơ
LEADER 00482nam a2200181Ia 4500
001 CTU_81419
008 210402s9999 xx 000 0 und d
082 |a 338.91 
082 |b L347 
100 |a Lasswell, Harold D. 
245 0 |a Worls polistics faces economic 
245 0 |c Harold D. Lasswell 
260 |a New York 
260 |b McGraw-Hill 
260 |c 1945 
650 |a Economic policy 
904 |i Trọng Hải 
980 |a Trung tâm Học liệu Trường Đại học Cần Thơ